Looney Tunes / Merrie Melodies Franchise (1961-Now) - Statistics

General Stats
  • This quiz has been taken 38 times
  • The average score is 27 of 385
Answer Stats
Type Year Name Info % Correct
Comic Series 1962-1984 Bugs Bunny Gold Key Comics/Whitman
57%
Video Game 1983 Bugs Bunny Atari
57%
Video Game 1990 Bugs Bunny Tiger
57%
Comic Series 1990 Bugs Bunny DC Comics
57%
Comic Series 1975-1984 Looney Tunes Gold Key Comics/Whitman
57%
Video Game 1992 Looney Tunes Sunsoft
57%
Comic Series 1994-Present Looney Tunes DC Comics
57%
Film 1996 Space Jam Warner Bros.
52%
Video Game 1996 Space Jam Acclaim Entertainment
52%
TV Show 2011-2014 The Looney Tunes Show Cartoon Network
52%
Comic Series 1962-1984 Daffy Duck Gold Key Comics/Whitman
43%
Video Game 1993 Daffy Duck: The Marvin Missions Sunsoft
43%
Film 2003 Looney Tunes: Back in Action Warner Bros.
43%
Video Game 2003 Looney Tunes: Back in Action EA
43%
TV Show 2015-2019 New Looney Tunes Cartoon Network / Boomerang
38%
TV Show 2001-2006 Baby Looney Tunes Kids' WB / Cartoon Network
33%
Comic Series 1965-1984 Porky Pig Gold Key Comics/Whitman
29%
Video Game 1985 Road Runner Atari / Tengen / US Gold
29%
Film 2021 Space Jam 2 Warner Bros.
29%
TV Show 2003-2005 Duck Dodgers Cartoon Network
24%
Video Game 2000 Duck Dodgers Starring Daffy Duck Infogrames
24%
Web Series 2020-Present Looney Tunes Cartoons HBO Max
24%
Video Game N/A Sylvester & Tweety Sunsoft
24%
TV Show 1990-1994 Merrie Melodies Starring Bugs Bunny & Friends Syndication / Fox
19%
Video Game 1983 Taz Atari
19%
TV Show 1990-1995 Tiny Toon Adventures CBS / Syndication / Fox Kids
19%
Video Game 1991 Tiny Toon Adventures Tiger
19%
Video Game 1991 Tiny Toon Adventures Konami
19%
Video Game 1994 Tiny Toon Adventures Atari
19%
Video Game 2001 Tiny Toon Adventures: Buster Saves the Day Conspiracy Games
19%
Short Film 1995 Another Froggy Evening Warner Bros.
14%
Film 2006 Bah, Humduck! A Looney Tunes Christmas Warner Bros.
14%
Short Film 1962 Bill of Hare Warner Bros.
14%
TV Show 1995-1997 Bugs 'n' Daffy Kids' WB
14%
Short Film 1995 Carrotblanca Warner Bros.
14%
Short Film 1994 Chariots of Fur Warner Bros.
14%
Short Film 1967 Cool Cat Warner Bros.
14%
Short Film 2010 Coyote Falls Warner Bros.
14%
Short Film 1964 Dr. Devil and Mr. Hare Warner Bros.
14%
Short Film 1964 Dumb Patrol Warner Bros.
14%
Short Film 1964 False Hare Warner Bros.
14%
Short Film 1964 Hawaiian Aye Aye Warner Bros.
14%
Short Film 1969 Injun Trouble Warner Bros.
14%
TV Show 2005-2007 Loonatics Unleashed Kids' WB / The CW
14%
Film 2015 Looney Tunes: Rabbits Run Warner Bros.
14%
Short Film 1963 Mad as a Mars Hare Warner Bros.
14%
Short Film 1967 Merlin the Magic Mouse Warner Bros.
14%
TV Show 1991-1995 Taz-Mania Fox Kids
14%
Video Game 1992 Taz-Mania Sega / Sunsoft / THQ
14%
Video Game 1993 Taz-Mania Sunsoft
14%
Video Game 1994 Taz-Mania Tiger
14%
Short Film 1962 The Jet Cage Warner Bros.
14%
Compilation Film 1981 The Looney Looney Looney Bugs Bunny Movie Warner Bros.
14%
Short Film 1963 The Unmentionables Warner Bros.
14%
Film 2000 Tweety's High-Flying Adventure Warner Bros.
14%
Video Game 2000 Tweety's High-Flying Adventure Kemco
14%
Short Film 1966 A-Haunting We Will Go Warner Bros.
10%
Short Film 1964 A Message to Gracias Warner Bros.
10%
Short Film 1962 A Sheep in the Deep Warner Bros.
10%
Short Film 1966 A Squeak in the Deep Warner Bros.
10%
Short Film 1991 Box-Office Bunny Warner Bros.
10%
Short Film 1969 Bugged by a Bee Warner Bros.
10%
Short Film 1968 Bunny and Claude (We Rob Carrot Patches) Warner Bros.
10%
Short Film 1961 Cannery Woe Warner Bros.
10%
Short Film 1961 Compressed Hare Warner Bros.
10%
Compilation Film 1988 Daffy Duck's Quackbusters Warner Bros.
10%
Short Film 1961 Daffy's Inn Trouble Warner Bros.
10%
Short Film 1963 Devil's Feud Cake Warner Bros.
10%
Short Film 2001 Enough with the Planet of the Taz Warner Bros.
10%
Short Film 1997 Father of the Bird Warner Bros.
10%
Short Film 1969 Fistic Mystic Warner Bros.
10%
Short Film 1997 From Hare to Eternity Warner Bros.
10%
Short Film 1965 Hairied and Hurried Warner Bros.
10%
Short Film 1963 Hare-Breadth Hurry Warner Bros.
10%
Short Film 1968 Hocus Pocus Pow Wow Warner Bros.
10%
Short Film 1962 Honey's Money Warner Bros.
10%
Short Film 1965 It's Nice to Have a Mouse Around the House Warner Bros.
10%
Video Game 2007 Looney Tunes: Duck Amuck Warner Bros. Games
10%
Short Film 1962 Louvre Come Back to Me! Warner Bros.
10%
Short Film 1962 Martian Through Georgia Warner Bros.
10%
Short Film 1962 Mexican Boarders Warner Bros.
10%
Short Film 1963 Mexican Cat Dance Warner Bros.
10%
Short Film 1966 Mexican Mousepiece Warner Bros.
10%
Short Film 2004 Museum Scream Warner Bros.
10%
Short Film 1961 Nelly's Folly Warner Bros.
10%
Short Film 1968 Norman Normal Warner Bros.
10%
Short Film 1964 Pancho's Hideaway Warner Bros.
10%
Short Film 1961 Prince Violent Warner Bros.
10%
Short Film 1997 Pullet Surprise Warner Bros.
10%
Short Film 1969 Rabbit Stew and Rabbits Too! Warner Bros.
10%
Short Film 1964 Road to Andalay Warner Bros.
10%
Short Film 1965 Run, Run, Sweet Road Runner Warner Bros.
10%
Short Film 1968 See Ya Later Gladiator Warner Bros.
10%
Short Film 1962 Shishkabugs Warner Bros.
10%
TV Special 1980 Spaced Out Bunny ????
10%
Short Film 1967 Speedy Ghost to Town Warner Bros.
10%
Video Game 1993 Speedy Gonzales Sunsoft
10%
Short Film 1966 Sugar and Spies Warner Bros.
10%
Short Film 1996 Superior Duck Warner Bros.
10%
Short Film 1961 The Abominable Snow Rabbit Warner Bros.
10%
Compilation Film 1979 The Bugs Bunny/Road Runner Movie Warner Bros.
10%
Short Film 1969 The Great Carrot Train Robbery Warner Bros.
10%
Short Film 1964 The Iceman Ducketh Warner Bros.
10%
Short Film 1961 The Last Hungry Cat Warner Bros.
10%
Short Film 1963 The Million Hare Warner Bros.
10%
Short Film 1967 The Music Mice-Tro Warner Bros.
10%
Short Film 1966 The Solid Tin Coyote Warner Bros.
10%
TV Show 1995-2000 The Sylvester & Tweety Mysteries Kids' WB
10%
Short Film 1963 To Beep or Not to Beep Warner Bros.
10%
Short Film 1963 Transylvania 6-5000 Warner Bros.
10%
Short Film 1963 Woolen Under Where Warner Bros.
10%
Short Film 1965 Zip Zip Hooray! Warner Bros.
10%
Short Film 1968 3 Ring Wing-Ding Warner Bros.
5%
Short Film ???? Aluminum Chef: Sylvester Cat vs. Tweety Bird Warner Bros.
5%
Short Film 1963 Aqua Duck Warner Bros.
5%
Short Film 1961 A Scent of the Matterhorn Warner Bros.
5%
Short Film 1965 Assault and Peppered Warner Bros.
5%
Short Film 1966 A Taste of Catnip Warner Bros.
5%
Short Film 2004 Attack of the Drones Warner Bros.
5%
Film 2003 Baby Looney Tunes Eggs-traordinary Adventure Warner Bros.
5%
Short Film 1963 Banty Raids Warner Bros.
5%
Short Film 1964 Bartholomew Versus the Wheel Warner Bros.
5%
Short Film 2001 Beach, Blanket, Bang-O Warner Bros.
5%
Short Film 1961 Beep Prepared Warner Bros.
5%
Short Film 2001 Beneath the Planet of the Taz Warner Bros.
5%
Short Film 1968 Big Game Haunt Warner Bros.
5%
Short Film 1961 Birds of a Father Warner Bros.
5%
Short Film 1997 (Blooper) Bunny Warner Bros.
5%
Short Film 1965 Boulder Wham! Warner Bros.
5%
Compilation Film 1982 Bugs Bunny's 3rd Movie: 1001 Rabbit Tales Warner Bros.
5%
TV Special 1980 Bugs Bunny's Bustin' Out All Over CBS
5%
Compilation Film 1975 Bugs Bunny: Superstar United Artists
5%
Short Film 1965 Cats and Bruises Warner Bros.
5%
Short Film 2004 Cat Stays in the Picture Warner Bros.
5%
Short Film 1965 Chaser on the Rocks Warner Bros.
5%
Short Film 1965 Chili Corn Corny Warner Bros.
5%
Short Film 1963 Chili Weather Warner Bros.
5%
Short Film 1968 Chimp and Zee Warner Bros.
5%
Short Film 1963 Claws in the Lease Warner Bros.
5%
Short Film 1966 Clippety Clobbered Warner Bros.
5%
Short Film 2004 Cock-A-Doodle Duel Warner Bros.
5%
Short Film 1965 Corn on the Cop Warner Bros.
5%
Film TBA Coyote vs. Acme Warner Bros.
5%
Short Film 1962 Crows' Feat Warner Bros.
5%
TV Special 1972 Daffy Duck and Porky Pig Meet the Groovie Goolies ABC
5%
Short Film 2004 Daffy Duck for President Warner Bros.
5%
Video Game 1999 Daffy Duck: Fowl Play Sunsoft
5%
Video Game 1991 Daffy Duck, P.I.: The Case of the Missing Letters Hi-Tec Expressions
5%
Compilation Film 1983 Daffy Duck's Fantastic Island Warner Bros.
5%
TV Special 1980 Daffy Duck's Thanks-for-Giving Special ????
5%
TV Special 1980 Daffy Flies North NBC
5%
Short Film 1966 Daffy Rents Warner Bros.
5%
Short Film 1967 Daffy's Diner Warner Bros.
5%
Short Film 2012 Daffy's Rhapsody Warner Bros.
5%
Short Film 1961 D' Fightin' Ones Warner Bros.
5%
Short Film 1963 Fast Buck Duck Warner Bros.
5%
Short Film 1966 Feather Finger Warner Bros.
5%
Short Film 1968 Feud with a Dude Warner Bros.
5%
Short Film 1967 Fiesta Fiasco Warner Bros.
5%
Short Film 1962 Fish and Slips Warner Bros.
5%
Short Film 1968 Flying Circus Warner Bros.
5%
Short Film 2001 Fowl Be Comin' Round the Mountain Warner Bros.
5%
TV Special 1979 Freeze Frame CBS
5%
Short Film 1964 Freudy Cat Warner Bros.
5%
TV Special 1979 Fright Before Christmas CBS
5%
Short Film 2010 Fur of Flying Warner Bros.
5%
Short Film 1967 Go Away Stowaway Warner Bros.
5%
Short Film 1965 Go Go Amigo Warner Bros.
5%
Short Film 1962 Good Noose Warner Bros.
5%
Short Film 2004 H2-Uh-Oh! Warner Bros.
5%
TV Special 1990 Happy Birthday, Bugs!: 50 Looney Years CBS
5%
Short Film 2004 Hare and Loathing in Las Vegas Warner Bros.
5%
Short Film 2001 Helter Shelter Warner Bros.
5%
Short Film 1965 Highway Runnery Warner Bros.
5%
Short Film 1968 Hippydrome Tiger Warner Bros.
5%
Short Film 1992 Invasion of the Bunny Snatchers Warner Bros.
5%
Short Film 2011 I Tawt I Taw a Puddy Tat Warner Bros.
5%
Short Film 2001 I've Misplaced My Piano Warner Bros.
5%
Short Film 1963 I Was a Teenage Thumb Warner Bros.
5%
Short Film 2001 Judge Granny: Case 1: Tweety vs. Sylvester Warner Bros.
5%
Short Film 2001 Judge Granny: Case 2: Coyote vs. Roadrunner Warner Bros.
5%
Short Film 2001 Judge Granny: Case 3: Fudd vs. Duck Warner Bros.
5%
Short Film ???? Junkyard Run: Part 1 Warner Bros.
5%
Short Film ???? Junkyard Run: Part 2 Warner Bros.
5%
Short Film ???? Junkyard Run: Part 3 Warner Bros.
5%
Short Film 1965 Just Plane Beep Warner Bros.
5%
Short Film 1961 Lickety-Splat Warner Bros.
5%
Short Film 2000 Little Go Beep Warner Bros.
5%
Short Film 2005 Little Pet Shop of Horrors Warner Bros.
5%
Video Game 2007 Looney Tunes: Acme Arsenal Warner Bros. Interactive
5%
Video Game 2015 Looney Tunes Dash Zynga
5%
Video Game 2000 Looney Tunes Racing Infrogames
5%
Theme Park Attraction 1996-2008 Marvin the Martian in the Third Dimension (Various)
5%
Short Film 1965 Moby Duck Warner Bros.
5%
Short Film 1962 Mother Was a Rooster Warner Bros.
5%
Short Film 1966 Mucho Locos Warner Bros.
5%
Short Film 2004 My Generation G-G-Gap Warner Bros.
5%
Short Film 1963 Now Hear This Warner Bros.
5%
Short Film 2001 Obstacles, of Course Warner Bros.
5%
Short Film 2001 Oh My Darlin' Serpentine Warner Bros.
5%
Short Film 1966 Out and Out Rout Warner Bros.
5%
Short Film 2001 Planet of the Taz Warner Bros.
5%
Short Film 2006 Porky and Daffy in the William Tell Overture Warner Bros.
5%
TV Special 1980 Portrait of the Artist as a Young Bunny CBS
5%
Short Film 1967 Quacker Tracker Warner Bros.
5%
Short Film 1962 Quackodile Tears Warner Bros.
5%
Short Film 2010 Rabid Rider Warner Bros.
5%
Short Film 1965 Road Runner a Go-Go Warner Bros.
5%
Video Game 1991 Road Runner and Wile E. Coyote Hi-Tec Software
5%
Short Film 1967 Rodent to Stardom Warner Bros.
5%
Short Film 1965 Rushing Roulette Warner Bros.
5%
Short Film 2003 Satellite Sam Warner Bros.
5%
Short Film 1964 Señorella and the Glass Huarache Warner Bros.
5%
Short Film 1969 Shamrock and Roll Warner Bros.
5%
Short Film 1966 Shot and Bothered Warner Bros.
5%
Short Film 1968 Skyscraper Caper Warner Bros.
5%
Short Film 1966 Snow Excuse Warner Bros.
5%
TV Special 1980 Soup or Sonic ????
5%
Short Film 2002 Sports Blab #1 Warner Bros.
5%
Short Film 2002 Sports Blab #2 Warner Bros.
5%
Short Film 1961 Strangled Eggs Warner Bros.
5%
Short Film 1965 Suppressed Duck Warner Bros.
5%
Short Film 2001 Survival of the Dimmest Warner Bros.
5%
Short Film 1966 Swing Ding Amigo Warner Bros.
5%
Short Film 1965 Tease for Two Warner Bros.
5%
Short Film 1966 The Astroduck Warner Bros.
5%
Video Game 1990 The Bugs Bunny Birthday Blowout Kemco
5%
Video Game 1989 The Bugs Bunny Crazy Castle Kemco
5%
Video Game 1991 The Bugs Bunny Crazy Castle 2 Kemco
5%
Video Game 1990 The Bugs Bunny Hare-Brained Adventure Hi Tech Expressions
5%
TV Special 1980 The Chocolate Chase ????
5%
Short Film 1987 The Duxorcist Warner Bros.
5%
Short Film 2002 The Island of Dr. Moron Warner Bros.
5%
Short Film 2001 The Matwix Warner Bros.
5%
TV Show 1972 The Merrie Melodies Show Syndication
5%
Short Film 1961 The Mouse on 57th Street Warner Bros.
5%
Short Film 1988 The Night of the Living Duck Warner Bros.
5%
Short Film 1961 The Pied Piper of Guadalupe Warner Bros.
5%
TV Show 1964-1967 The Porky Pig Show ABC
5%
Short Film 1961 The Rebel Without Claws Warner Bros.
5%
TV Show 1966-1973 The Road Runner Show CBS / ABC
5%
Short Film 1962 The Slick Chick Warner Bros.
5%
Short Film 1967 The Spy Swatter Warner Bros.
5%
Short Film 1965 The Wild Chase Warner Bros.
5%
TV Special 1980 The Yolks on You ????
5%
Film 1992 Tiny Toon Adventures: How I Spent My Vacation Warner Bros.
5%
Short Film 1965 Tired and Feathered Warner Bros.
5%
Comic Series 1963-1984 Tweety and Sylvester Gold Key Comics/Whitman
5%
Short Film 2002 Twick or Tweety Warner Bros.
5%
Short Film 1964 War and Pieces Warner Bros.
5%
Short Film 1965 Well Worn Daffy Warner Bros.
5%
Short Film 1962 Wet Hare Warner Bros.
5%
Short Film 1961 What's My Lion? Warner Bros.
5%
Short Film 2004 Yosemite Slam Warner Bros.
5%
Short Film 1961 Zip 'N Snort Warner Bros.
5%
Short Film 1962 Zoom at the Top Warner Bros.
5%
Video Game 1994 Acme Animation Factory Sunsoft
0%
TV Special 1978 A Connecticut Rabbit in King Arthur's Court ????
0%
Short Film 1962 Adventures of the Road Runner Warner Bros.
0%
Short Film ???? Aluminum Chef: Elmer Fudd vs. Yosemite Sam Warner Bros.
0%
Comic Series 1971-1984 Beep Beep The Road Runner Gold Key Comics/Whitman
0%
Video Game 2014 Behold the Wizard Cartoon Network
0%
Short Film 1999 Bosko and Honey Warner Bros.
0%
TV Special 1976 Bugs and Daffy's Carnival of the Animals CBS
0%
TV Special 1981 Bugs Bunny: All American Hero ????
0%
Video Game 1997 Bugs Bunny: Crazy Castle 3 Nintendo
0%
Video Game 2000 Bugs Bunny in Crazy Castle 4 Kemco
0%
Video Game 1996 Bugs Bunny in Double Trouble Sega
0%
TV Special 1977 Bugs Bunny in Space CBS
0%
Video Game 1998 Bugs Bunny & Lola Bunny: Operation Carrot Patch Infrogrames
0%
Video Game 1999 Bugs Bunny: Lost in Time Infogrames
0%
Video Game 1994 Bugs Bunny Rabbit Rampage Sunsoft
0%
TV Special 1979 Bugs Bunny's Christmas Carol ????
0%
TV Special 1992 Bugs Bunny's Creature Features ????
0%
TV Special 1977 Bugs Bunny's Easter Special CBS
0%
TV Special 1977 Bugs Bunny's Howl-oween Special CBS
0%
TV Special 1979 Bugs Bunny's Looney Christmas Tales CBS
0%
TV Special 1991 Bugs Bunny's Lunar Tunes ????
0%
TV Special 1982 Bugs Bunny's Mad World of Television CBS
0%
TV Special 1991 Bugs Bunny's Overtures to Disaster ????
0%
TV Special 1979 Bugs Bunny's Thanksgiving Diet CBS
0%
TV Special 1979 Bugs Bunny's Valentine CBS
0%
TV Special 1989 Bugs Bunny's Wild World of Sports CBS
0%
Video Game 2000 Bugs Bunny & Taz: Time Busters Infogrames
0%
TV Special 1988 Bugs vs. Daffy: Battle of the Music Video Stars CBS
0%
Short Film 2004 Bunk Bedlam Warner Bros.
0%
Video Game 1995 Cheese Cat-Astrophe Starring Speedy Gonzales Sega
0%
Short Film 2004 Daffy Dentist DDS Warner Bros.
0%
Video Game 1995 Daffy Duck in Hollywood Sega
0%
TV Special 1980 Daffy Duck's Easter Show NBC
0%
Video Game N/A Daffy Duck Starring in the Great Paint Caper Hi-Tec Software
0%
Short Film 2005 Dating Do's and Don'ts: How to Be a "Mr. Good-Date" Warner Bros.
0%
Video Game 1995 Desert Demolition Starring Road Runner and Wile E. Coyote Sega
0%
Video Game 1993 Desert Speedtrap Starring Road Runner & Wile E. Coyote Sega
0%
Short Film 2005 Dux's Tux's Warner Bros.
0%
Short Film 2005 Fast Feud Warner Bros.
0%
Short Film 2001 Finder's Eaters Warner Bros.
0%
Short Film 2014 Flash in the Pain Warner Bros.
0%
Short Film 2004 Full Metal Racket Warner Bros.
0%
Video Game 2010 Galactic Taz Ball Warner Bros. Games
0%
Short Film 2005 Grand Master Rabbit Warner Bros.
0%
Video Game 1998 Home Tweet Home: Interactive Coloring Book SouthPeak Games
0%
Short Film 1961 Hoppy Daze Warner Bros.
0%
TV Special 1978 How Bugs Bunny Won the West CBS
0%
TV Special 1986 Looney Tunes 50th Anniversary NBC
0%
Video Game 2005 Looney Tunes Acme Antics Majesco Entertainment
0%
Video Game 1995 Looney Tunes B-Ball Sunsoft
0%
Video Game 2008 Looney Tunes: Cartoon Conductor Eidos Interactive
0%
Video Game 2011 Looney Tunes: Click 'N READ Phonics CNK Digital
0%
Video Game 2000 Looney Tunes Collector: Alert! Infogrames
0%
Video Game 1999 Looney Tunes: Cosmic Capers SouthPeak Games
0%
Video Game 1998 Looney Tunes: Cosmic Capers Animated Jigsaw Puzzle SouthPeak Games
0%
Video Game 2005 Looney Tunes Dizzy Driving Majesco Entertainment
0%
Video Game 2015 Looney Tunes: Galactic Sports Virtual Toys
0%
Video Game N/A Looney Tunes Hotel Atari
0%
Video Game 2000 Looney Tunes: Marvin Strikes Back! Infogrames
0%
Video Game 2009 Looney Tunes: Monster March Glu Games Inc.
0%
Video Game 1999 Looney Tunes PhotoFun MGI Software Corp
0%
Theme Park Attraction 1991-2011 Looney Tunes River Ride Warner Bros. Movie World / Warner Bros. Movie World Germany
0%
Video Game 1994 Looney Tunes Road Rally Riot Tiger
0%
Video Game 2000 Looney Tunes: Space Race Infogrames
0%
Video Game 1998 Looney Tunes: Twouble! Infogrames
0%
Video Game 2018 Looney Tunes: World of Mayhem Scopely
0%
Video Game 2002 Loons: The Fight for Fame Infogrames
0%
Short Film 2005 Malltown and Tazboy Warner Bros.
0%
Short Film 2005 Maximum Tazocity Warner Bros.
0%
Short Film 2004 Multiplex Mallard Warner Bros.
0%
Short Film 2001 Mysterious Phenomena of the Unexplained: Cropsy Curvy Warner Bros.
0%
Short Film 2001 Mysterious Phenomena of the Unexplained: ¡El Chupacabra! Warner Bros.
0%
Short Film 2001 Mysterious Phenomena of the Unexplained: Loch Ness Mess Warner Bros.
0%
Short Film 2001 Mysterious Phenomena of the Unexplained: Sufferin Sasquatch Warner Bros.
0%
Short Film 2001 Mysterious Phenomena of the Unexplained: The Bermuda Short Warner Bros.
0%
Short Film 2001 Mysterious Phenomena of the Unexplained: The Taming of the Screwball Warner Bros.
0%
Short Film 2001 Mysterious Phenomena of the Unexplained: Who Wants to Be a Martian-aire? Warner Bros.
0%
Short Film 1964 Nots and Volts Warner Bros.
0%
Short Film 2004 Oh Taz, You Devil Warner Bros.
0%
TV Special 1982 Ounce of Prevention ????
0%
Short Film 2004 Parallel Porked Warner Bros.
0%
Video Game 1995 Porky Pig's Haunted Holiday Sunsoft
0%
Short Film 2005 Pyscho Kitty Warner Bros.
0%
Video Game 1992 Road Runner's Death Valley Rally Sunsoft
0%
Short Film 2001 Sandcastle Hassle Warner Bros.
0%
Video Game 2014 Scooby-Doo! & Looney Tunes Cartoon Universe: Adventure WayForward Technologies
0%
Video Game 2001 Sheep, Dog 'n' Wolf Infogrames
0%
Video Game 1999 Speedy Gonzales: Aztec Adventure Sunsoft
0%
Video Game 1995 Speedy Gonzales: Los Gatos Bandidos Acclaim Entertainment
0%
Short Film 2001 Spread, Seared and Feared Warner Bros.
0%
Short Film 2005 Stunt Duck Warner Bros.
0%
Video Game 1994 Sylvester and Tweety in Cagey Capers Time Warner Interactive
0%
Video Game 1999 Tasmanian Devil: Munching Madness Sunsoft
0%
Video Game 2000 Taz Express Infogrames
0%
Video Game 1994 Taz in Escape from Mars Sega
0%
Video Game 1997 Taz-Mania 2 Beam Software
0%
Video Game 2002 Taz: Wanted Infogrames
0%
Short Film ???? Tear Factor Warner Bros.
0%
Short Film ???? Tech Suppork Warner Bros.
0%
TV Special 1980 The Bugs Bunny Mystery Special CBS
0%
Compilation Film 1991 The Looney Tunes Hall of Fame Warner Bros.
0%
TV Show 1992 The Plucky Duck Show Fox Kids
0%
Short Film 2001 The Royal Mallard: Cube Wars Warner Bros.
0%
Short Film 2001 The Royal Mallard: Daffy's Meet Market Warner Bros.
0%
Short Film 2001 The Royal Mallard: Gone in 30 Minutes Warner Bros.
0%
Short Film 2001 The Royal Mallard: Hogs & Kisses Warner Bros.
0%
Short Film 2001 The Royal Mallard: Window Pains Warner Bros.
0%
Video Game 1993 Tiny Toon Adventures 2: Montana's Movie Madness Konami
0%
Video Game 1992 Tiny Toon Adventures 2: Trouble in Wackyland Konami
0%
Video Game 1994 Tiny Toon Adventures: ACME All-Stars Konami
0%
Video Game 1992 Tiny Toon Adventures: Babs' Big Break Konami
0%
Video Game 1996 Tiny Toon Adventures: Buster and the Beanstalk Terraglyph Interactive Studios
0%
Video Game 1992 Tiny Toon Adventures: Buster Busts Loose! Konami
0%
Video Game 2002 Tiny Toon Adventures: Buster's Bad Dream Swing! Entertainment Media / AG
0%
Video Game 1993 Tiny Toon Adventures: Buster's Hidden Treasure Konami
0%
Video Game 1992 Tiny Toon Adventures Cartoon Workshop Konami
0%
Video Game N/A Tiny Toon Adventures: Defenders of the Universe Conspiracy Games
0%
Video Game 2001 Tiny Toon Adventures: Dizzy's Candy Quest Conspiracy Games
0%
Video Game 2001 Tiny Toon Adventures: Plucky's Big Adventure Conspiracy Games
0%
Video Game 1998 Tiny Toon Adventures: The Great Beanstalk NewKidCo / SCEE
0%
Video Game 1999 Tiny Toon Adventures: Toonenstein: Dare to Scare Vatical Entertainment / Swing! Deutschland
0%
Video Game 1994 Tiny Toon Adventures: Wacky Sports Challenge Konami
0%
Video Game 2001 Tiny Toon Adventures: Wacky Stackers Conspiracy Entertainment
0%
Video Game 2001 Tweety and the Magic Gems Kemco
0%
Short Film 2005 Wild KingDumb Warner Bros.
0%
Short Film 2004 Wile E. Coyote Ugly Warner Bros.
0%
Video Game N/A Wile E's Revenge Sunsoft
0%
Comic Series 1970-1983 Yosemite Sam and Bugs Bunny Gold Key Comics/Whitman
0%
No matching quizzes found
Score Distribution
Percent of People with Each Score
Percentile by Number Answered
Your Score History
You have not taken this quiz